| 000 | 00746nac a22002051u 4500 | ||
|---|---|---|---|
| 010 | _a2004044598 | ||
| 020 | _a0131139282 (alk. paper) | ||
| 082 | 0 | 0 |
_a621.4021 _bR7496 |
| 090 |
_c920 _d920 |
||
| 100 | _aRolle, Kurt C. | ||
| 245 | 1 | 0 |
_aThermodynamics and heat power / _cKurt C. Rolle. |
| 250 | _a6th ed. | ||
| 260 |
_aUpper Saddle River, NJ : _bPearson/Prentice Hall, _cc2005. |
||
| 300 |
_a1 v. (various pagings) : _bill. ; _c26 cm. |
||
| 504 | _aIncludes bibliographical references and index. | ||
| 650 | 0 | _aThermodynamics. | |
| 650 | 0 | _aHeat engineering. | |
| 942 |
_cBB _k621.4021R7496 |
||
| 999 |
_c920 _d920 |
||